000 00416nam a2200205Ia 4500
001 001416
003 YMCAF
005 20230512160100.0
008 100717s1962 ||||||||||||||||| ||und|d
024 _a1416
035 _a1398
040 _aYMCAF
_beng
_cIN-KoLT
041 _aeng
082 _aTRA-KIV
100 _aKIVER MILTON
245 0 _aTRANSISTORS
260 _c1962
300 _a528
942 _2ddc
_cBK
999 _c1139
_d1139